000 00872cam a2200265 a 4500
999 _c2741
_d2741
001 4506284
003 GBCCL
005 20241126110438.0
008 980521s1998 caua b 000 0 eng
010 _a 98019263
020 _a0830723374
040 _aDLC
_cDLC
_dDLC
050 0 0 _aBV652.1
_b.D35 1998
082 0 0 _a253
_221
_bDAM
100 1 _aDamazio, Frank.
_91957
245 1 0 _aFrom barrenness to fruitfulness /
_cFrank Damazio.
260 _aVentura, Calif. :
_bRegal Books,
_cc1998.
300 _a197 p. :
_bill. ;
_c22 cm.
504 _aIncludes bibliographical references.
650 0 _aChristian leadership.
_91568
650 0 _aChristian leadership
_xBiblical teaching.
_95795
906 _a7
_bcbc
_corignew
_d1
_eocip
_f19
_gy-gencatlg
942 _2ddc
_cBK